书目信息 |
| 题名: |
矿区环境高分辨率遥感监测及信息资源开发利用
|
|
| 作者: | 何原荣 著 | |
| 分册: | ||
| 出版信息: | 北京 科学出版社 2014.08 |
|
| 页数: | 200页 | |
| 开本: | 26cm | |
| 丛书名: | ||
| 单 册: | ||
| 中图分类: | X322 | |
| 科图分类: | ||
| 主题词: | 矿山环境--kuang shan huan jing--高分辨率--环境遥感--环境监测 , 矿山环境--kuang shan huan jing--高分辨率--环境遥感--信息资源--资源开发 , 矿山环境--kuang shan huan jing--高分辨率--环境遥感--信息资源--资源利用 | |
| 电子资源: | ||
| ISBN: | 978-7-03-041460-1 | |
| 000 | 01245nam0 2200277 450 | |
| 001 | CAL 0120141371309 | |
| 005 | 20150803143003.53 | |
| 010 | @a978-7-03-041460-1@dCNY80.00 | |
| 100 | @a20141011d2014 em y0chiy50 ea | |
| 101 | 0 | @achi |
| 102 | @aCN@b110000 | |
| 105 | @aak a 001yy | |
| 106 | @ar | |
| 200 | 1 | @a矿区环境高分辨率遥感监测及信息资源开发利用@Akuang qu huan jing gao fen bian lv yao gan jian ce ji xin xi zi yuan kai fa li yong@f何原荣著 |
| 210 | @a北京@c科学出版社@d2014.08 | |
| 215 | @a200页@c图@d26cm | |
| 320 | @a有书目 (第191-198页) 和索引 | |
| 330 | @a本书结合规模化矿区高分辨率遥感监测推进中对数据分析与信息资源开发利用的迫切需求和“大数据”时代的潮流趋势, 从土地破坏分析、非污染评价和污染评价三个专题进行了分析方法、模型及三维集成系统研究, 并基于3D GIS、ORDB、中间件技术进行了监测数据一体化集成与多元化服务系统构建。 | |
| 586 | @a | |
| 606 | 0 | @a矿山环境@Akuang shan huan jing@x高分辨率@x环境遥感@x环境监测 |
| 606 | 0 | @a矿山环境@Akuang shan huan jing@x高分辨率@x环境遥感@x信息资源@x资源开发 |
| 606 | 0 | @a矿山环境@Akuang shan huan jing@x高分辨率@x环境遥感@x信息资源@x资源利用 |
| 690 | @aX322@v5 | |
| 701 | 0 | @a何原荣@Ahe yuan rong@4著 |
| 801 | 0 | @aCN@c20150820 |
| 905 | @a河南城建学院图书馆@dX322@eH227@f2 | |
| 矿区环境高分辨率遥感监测及信息资源开发利用/何原荣著.-北京:科学出版社,2014.08 |
| 200页:图;26cm |
| ISBN 978-7-03-041460-1:CNY80.00 |
| 本书结合规模化矿区高分辨率遥感监测推进中对数据分析与信息资源开发利用的迫切需求和“大数据”时代的潮流趋势, 从土地破坏分析、非污染评价和污染评价三个专题进行了分析方法、模型及三维集成系统研究, 并基于3D GIS、ORDB、中间件技术进行了监测数据一体化集成与多元化服务系统构建。 |
| ● |
| 相关链接 |
|
|
|
正题名:矿区环境高分辨率遥感监测及信息资源开发利
索取号:X322/H227
 
预约/预借
| 序号 | 登录号 | 条形码 | 馆藏地/架位号 | 状态 | 备注 |
| 1 | 1161335 | 211613351 | 自科库501/501自科库 66排5列3层/ [索取号:X322/H227] | 在馆 | |
| 2 | 1161336 | 211613360 | 自科库501/501自科库 66排5列3层/ [索取号:X322/H227] | 在馆 |